| 000 | 00000cas 2200000zi 4500 |
| 001 | 9.929437 |
| 003 | CaOODSP |
| 005 | 20260302134827 |
| 006 | m o d f |
| 007 | cr ||||||||||| |
| 008 | 231025c20149999onctr p o f0###a0eng|d |
| 040 | |aCaOODSP|beng|erda|cCaOODSP |
| 043 | |an-cn--- |
| 086 | 1 |aCC133-1E-PDF |
| 110 | 2 |aCanadian Commercial Corporation.|eauthor, |eissuing body. |
| 245 | 10|aCanadian Commercial Corporation quarterly financial report (unaudited) for the three month period ended ... |
| 246 | 13|aCanadian Commercial Corporation quarterly financial report (unaudited) for the three and six-month period ended ... |
| 246 | 13|aCanadian Commercial Corporation quarterly financial report (unaudited) for the three and nine-month period ended ... |
| 264 | 1|a[Ottawa] : |bCanadian Commercial Corporation = Corporation commerciale canadienne, |c[2014]- |
| 310 | |aThree times a year |
| 336 | |atext|btxt|2rdacontent |
| 337 | |acomputer|bc|2rdamedia |
| 338 | |aonline resource|bcr|2rdacarrier |
| 362 | 1 |aBegan with: June 30, 2014. |
| 500 | |aIssued also in French under title: Corporation commerciale canadienne rapport financier trimestriel (non vérifié) pour la période de trois mois teminée ... |
| 588 | |aDescription based on: June 30, 2014. |
| 588 | |aLatest issue consulted: June 30, 2023. |
| 610 | 20|aCanadian Commercial Corporation|xAppropriations and expenditures|vPeriodicals. |
| 650 | 0|aFinance, Public|zCanada|vPeriodicals. |
| 655 | 7|aPeriodicals|2lcgft |
| 775 | 08|tCorporation commerciale canadienne - rapport financier trimestriel (non vérifié) pour la période de trois mois terminée le ...|w(CaOODSP)9.929440 |